00478nam a22001337a 4500008004100000082001500041100001900056245012200075260004100197300003500238440000800273650004400281700001900325150209b xxu||||| |||| 00| 0 eng d a708bM468u aMeyer, Monica  aUna decada y pico: Textos de performance bUn proyecto de arte conceptual aplicado de PINTO MI RAYA cMonica Meyer  aMéxicobEdiciones al vapor.c2001. asin paginaciónb il.c 28 cm v1 v aPerformance xArte Conceptual zMexico  aMeyer, Monica